Eestimaa allikad
| Titel: | Eestimaa allikad = Estonian springs / Martin Suuroja ja Kalle-Mart Suuroja ; kujundus: Martin Suuroja, fotod: Martin Suuroja [ja veel 18] |
|---|---|
| Verfasser: | ; |
| Veröffentlicht: | [Tallinn] : GeoTrail KS, 2024 |
| Umfang: | 144 Seiten : Illustrationen, Diagramme |
| Format: | Buch |
| Sprache: | Estnisch |
| Schriftenreihe/ mehrbändiges Werk: |
Eesti loodusmonumendid |
| ISBN: | 9789949738779 |
| Hinweise zum Inhalt: |
Inhaltsverzeichnis
|
alg: 52534020 001A $03004:15-01-25 001B $01999:28-03-25 $t12:38:18.000 001D $03004:24-02-25 001U $0utf8 001X $00 002@ $0Aau 002C $aText $btxt $2rdacontent 002C $aunbewegtes Bild $bsti $2rdacontent 002D $aohne Hilfsmittel zu benutzen $bn $2rdamedia 002E $aBand $bnc $2rdacarrier 003@ $0525340203 004A $A978-9949-7387-7-9 007A $0525340203 $aHEB 007G $0DE02038BF696D329A48D5C1258C5900504E30 009P $qapplication/pdf $A2 $3Inhaltsverzeichnis $uhttp://scans.hebis.de/HEBCGI/show.pl?52534020_toc.pdf $mV:DE-603;B:DE-Mb50 010@ $aest 010E $erda 011@ $a2024 $n2024 021A $aEestimaa allikad $fEstonian springs $hMartin Suuroja ja Kalle-Mart Suuroja ; kujundus: Martin Suuroja, fotod: Martin Suuroja [ja veel 18] 028A $BVerfasser $4aut $4Fotograf $4pht $71353436179 $8Suuroja, Martin$Z1971- [Tp1] $952533999X 028C $BVerfasser $#Suuroja, K.-M. $#Suuroja, Kalle $#Suuroja, K. $4aut $7 $8Suuroja, Kalle-Mart [Tnu] $9205690734 033A $p[Tallinn] $nGeoTrail KS 034D $a144 Seiten 034M $aIllustrationen, Diagramme 036G $aEesti loodusmonumendid 037A $aLiteraturangaben 044K $RGouvernement Estland $REstnische Sozialistische Sowjetrepublik $#Estland $#Estland $#Republik Estland $#Estnische Republik $#Eesti $#Eesti Vabariik $#EV $#Estonia $#Republic of Estonia $#Estonie $#Ėstonskaja Respublika $74015587-0 $8Estland [Tg1] $9085035777 044K $#Springs $#Sources (hydrographie) $#Sorgenti $#Manantiales $#Quellen Hydrologie $74176696-9 $8Quelle$gHydrologie [Ts1] $9085831425 045F $a910.94798 $eDDC23BSB 045F/01 $a910 045F/03 $g4798 046L $aTextteile auf Englisch lok: 52534020 24 exp: 52534020 24 1 #EPN 201B/01 $024-02-25 $t10:32:11.000 201C/01 $015-01-25 201U/01 $0utf8 203@/01 $0128920585X 208@/01 $a19-02-25 $bz 209A/01 $a25.00580 $du $f050 $h25 00580 $x00 209C/01 $a25.00580 K $h25 00580 K 209G/01 $a74850090 $x00 220C/01 $akoe 247C/01 $8358050-7Marburg, Bibliothek des Herder-Instituts Marburg $9102600961
| LEADER | 00000cam a2200000 c 4500 | ||
|---|---|---|---|
| 001 | 525340203 | ||
| 003 | DE-603 | ||
| 005 | 20250328123818.0 | ||
| 007 | tu | ||
| 008 | 250115s2024 xx |||| | u00||u|est c | ||
| 020 | |a 9789949738779 | ||
| 035 | |a (DE-599)HEB525340203 | ||
| 040 | |a DE-603 |b ger |c DE-603 |d DE-603 |e rda | ||
| 041 | |a est | ||
| 082 | 0 | 4 | |8 1\u |a 910.94798 |q DE-101 |2 23/BSB |
| 085 | |8 1\u |b 910 | ||
| 085 | |8 1\u |z 2 |s 4798 | ||
| 100 | 1 | |a Suuroja, Martin |d 1971- |e Verfasser |4 aut |e Fotograf |4 pht |0 (DE-603)52533999X |0 (DE-588)1353436179 |2 gnd | |
| 245 | 0 | 0 | |a Eestimaa allikad |b = Estonian springs |c Martin Suuroja ja Kalle-Mart Suuroja ; kujundus: Martin Suuroja, fotod: Martin Suuroja [ja veel 18] |
| 264 | 1 | |a [Tallinn] |b GeoTrail KS |c 2024 | |
| 300 | |a 144 Seiten |b Illustrationen, Diagramme | ||
| 336 | |a Text |b txt |2 rdacontent | ||
| 336 | |a unbewegtes Bild |b sti |2 rdacontent | ||
| 337 | |a ohne Hilfsmittel zu benutzen |b n |2 rdamedia | ||
| 338 | |a Band |b nc |2 rdacarrier | ||
| 490 | 0 | |a Eesti loodusmonumendid | |
| 500 | |a Literaturangaben | ||
| 546 | |a Textteile auf Englisch | ||
| 650 | 7 | |a Quelle |g Hydrologie |0 (DE-588)4176696-9 |0 (DE-603)085831425 |2 gnd | |
| 651 | 7 | |a Estland |0 (DE-588)4015587-0 |0 (DE-603)085035777 |2 gnd | |
| 700 | 1 | |a Suuroja, Kalle-Mart |e Verfasser |4 aut |0 (DE-603)205690734 | |
| 856 | 4 | 2 | |m V:DE-603;B:DE-Mb50 |q application/pdf |u http://scans.hebis.de/HEBCGI/show.pl?52534020_toc.pdf |3 Inhaltsverzeichnis |
| 924 | 0 | |9 Mb 50 |a (DE-603)128920585X |b DE-Mb50 |c HES |d c |g 25.00580 | |


